[Event "16. Torneo Magistral de Elgoibar"]
[Site "Elgoibar ESP"]
[Date "2006.12.14"]
[Round "5.5"]
[White "Kononenko, Tatiana"]
[Black "Mirzoev, Azer"]
[Result "0-1"]
[WhiteElo "2375"]
[BlackElo "2543"]
[PlyCount "149"]
[EventDate "2006.12.12"]
[EventType "tourn"]
[EventRounds "9"]
[EventCountry "ESP"]
[EventCategory "8"]
[Source "lmi"]
[SourceDate "2006.12.11"]

1. d4 Nf6 2. c4 g6 3. Nc3 Bg7 4. e4 d6 5. Bd3 O-O 6. Nge2 c5 7. d5 e6 8. O-O
exd5 9. exd5 Ng4 10. Bc2 Na6 11. h3 Ne5 12. b3 f5 13. f4 Nd7 14. Bb2 Nb4 15.
Bb1 Nf6 16. a3 Na6 17. Qd2 Bd7 18. Bd3 Re8 19. Ng3 Nc7 20. Rfe1 a6 21. a4 b6
22. Rxe8+ Qxe8 23. Re1 Qf7 24. Qe2 Re8 25. Qf1 Rb8 26. Ra1 Nfe8 27. Ra2 Qe7 28.
Nd1 Bxb2 29. Rxb2 Qf6 30. Qe1 Ng7 31. Qc3 Qh4 32. Ne2 Nh5 33. Qd2 Re8 34. Ndc3
Qd8 35. b4 cxb4 36. Rxb4 Na8 37. Bc2 a5 38. Rb1 Qf6 39. Bd3 Ng7 40. Qe1 Re3 41.
Qd2 Re7 42. Bc2 Ne8 43. Qd4 Kg7 44. Qxf6+ Kxf6 45. Nd4 Re3 46. Nde2 Nec7 47.
Kf2 Re8 48. Nd4 Na6 49. Ncb5 Bxb5 50. Nxb5 Rd8 51. g4 Nb4 52. Rc1 fxg4 53. hxg4
Rd7 54. g5+ Kg7 55. f5 Nxc2 56. Rxc2 gxf5 57. Kf3 Nc7 58. Nc3 Na6 59. Kf4 Nb4
60. Re2 Rc7 61. Kxf5 Rxc4 62. Re3 Nc2 63. Rd3 Nd4+ 64. Rxd4 Rxd4 65. Ke6 Rc4
66. Nb5 Rxa4 67. Kxd6 Rc4 68. Ke6 Kf8 69. d6 Ke8 70. Nc7+ Kd8 71. Nd5 b5 72.
Nf6 Rh4 73. Nd5 a4 74. Nc3 a3 75. Nxb5 0-1

[Event "16. Torneo Magistral de Elgoibar"]
[Site "Elgoibar ESP"]
[Date "2006.12.15"]
[Round "6.1"]
[White "Prie, Eric"]
[Black "Mirzoev, Azer"]
[Result "0-1"]
[WhiteElo "2516"]
[BlackElo "2543"]
[PlyCount "74"]
[EventDate "2006.12.12"]
[EventType "tourn"]
[EventRounds "9"]
[EventCountry "ESP"]
[EventCategory "8"]
[Source "lmi"]
[SourceDate "2006.12.11"]

1. d4 d5 2. Nf3 Nf6 3. a3 c6 4. Bf4 Bf5 5. e3 e6 6. c4 Nbd7 7. Nc3 Be7 8. Be2
O-O 9. Nh4 Be4 10. O-O h6 11. cxd5 Nxd5 12. Nxe4 Nxf4 13. Nf3 Nxe2+ 14. Qxe2 a5
15. Rad1 Qc7 16. Qc2 Rfd8 17. Rfe1 a4 18. Nfd2 Qa5 19. Nc4 Qa6 20. h3 Rac8 21.
Ncd6 Rb8 22. Nc5 Nxc5 23. dxc5 b6 24. e4 bxc5 25. e5 Rb3 26. Re4 Qb6 27. Nc4
Qb8 28. Rxd8+ Qxd8 29. Re2 Rd3 30. Qxa4 Qd5 31. Qc2 Rd1+ 32. Kh2 Bg5 33. Re4 f5
34. exf6 gxf6 35. g3 f5 36. Nb6 Rd2 37. Nxd5 Rxc2 0-1

[Event "16. Torneo Magistral de Elgoibar"]
[Site "Elgoibar ESP"]
[Date "2006.12.15"]
[Round "6.2"]
[White "Perez Candelario, Manuel"]
[Black "Kononenko, Tatiana"]
[Result "1/2-1/2"]
[WhiteElo "2496"]
[BlackElo "2375"]
[PlyCount "55"]
[EventDate "2006.12.12"]
[EventType "tourn"]
[EventRounds "9"]
[EventCountry "ESP"]
[EventCategory "8"]
[Source "lmi"]
[SourceDate "2006.12.11"]

1. e4 e6 2. d4 d5 3. Nc3 Bb4 4. e5 c5 5. a3 Bxc3+ 6. bxc3 Qc7 7. Qg4 f6 8. Qg3
c4 9. a4 Nc6 10. f4 Qf7 11. Nf3 Nge7 12. Be2 Bd7 13. O-O O-O-O 14. Qe1 h5 15.
Rb1 Nf5 16. Nh4 Nxh4 17. Qxh4 Ne7 18. a5 Nf5 19. Qe1 Rdg8 20. Bd2 g5 21. Qc1 g4
22. Qa3 Qf8 23. Qa2 Bc6 24. Bc1 Qd8 25. Qa3 Qf8 26. Qa2 Qd8 27. Qa3 Qf8 28. Qa2
1/2-1/2

[Event "16. Torneo Magistral de Elgoibar"]
[Site "Elgoibar ESP"]
[Date "2006.12.15"]
[Round "6.3"]
[White "Gonzalez De la Torre, Santiago"]
[Black "Gomez Esteban, Mario"]
[Result "1-0"]
[WhiteElo "2357"]
[BlackElo "2486"]
[PlyCount "125"]
[EventDate "2006.12.12"]
[EventType "tourn"]
[EventRounds "9"]
[EventCountry "ESP"]
[EventCategory "8"]
[Source "lmi"]
[SourceDate "2006.12.11"]

1. e4 c6 2. d4 d5 3. e5 Bf5 4. Nf3 e6 5. Be2 Ne7 6. O-O h6 7. b3 Nd7 8. c4 Ng6
9. h3 Nh4 10. Nbd2 Nxf3+ 11. Nxf3 Be7 12. Be3 O-O 13. Qd2 Be4 14. c5 f6 15.
exf6 Bxf6 16. Nh2 e5 17. Ng4 exd4 18. Nxf6+ Nxf6 19. Bxd4 Qd7 20. Rae1 Rae8 21.
Bb2 Bf5 22. b4 Ne4 23. Qd4 Re7 24. Bd1 Rf6 25. Bh5 Rfe6 26. Re3 Nf6 27. Bd1
Rxe3 28. fxe3 Qe6 29. Qf4 Bd3 30. Rf3 Rf7 31. Rg3 Kh7 32. Qb8 Ne4 33. Bg4 Qg6
34. Rf3 Rxf3 35. Bxf3 Ng5 36. Bg4 h5 37. Bc8 Nf3+ 38. Kf2 Nd2 39. Qf4 Be4 40.
g4 b6 41. cxb6 axb6 42. Bd4 Nc4 43. a4 Bc2 44. Bf5 Bxf5 45. Qxf5 hxg4 46. hxg4
Qxf5+ 47. gxf5 Kh6 48. Kf3 Kg5 49. e4 Nd2+ 50. Ke3 Nxe4 51. Bxb6 Kxf5 52. a5
Nd6 53. Kd4 Nb5+ 54. Kc5 d4 55. Kxc6 d3 56. Be3 Ke4 57. Bg5 Nd4+ 58. Kb6 Kf5
59. Bd2 Nb3 60. Bc3 d2 61. Bxd2 Nxd2 62. a6 Nc4+ 63. Kc5 1-0

[Event "16. Torneo Magistral de Elgoibar"]
[Site "Elgoibar ESP"]
[Date "2006.12.15"]
[Round "6.4"]
[White "Argandoña Riveiro, Iñigo"]
[Black "Salgado Lopez, Ivan"]
[Result "0-1"]
[WhiteElo "2396"]
[BlackElo "2425"]
[PlyCount "94"]
[EventDate "2006.12.12"]
[EventType "tourn"]
[EventRounds "9"]
[EventCountry "ESP"]
[EventCategory "8"]
[Source "lmi"]
[SourceDate "2006.12.11"]

1. e4 e6 2. d3 c5 3. Nf3 Nc6 4. g3 g6 5. Bg2 Bg7 6. O-O Nge7 7. c3 O-O 8. Be3
b6 9. Qd2 d5 10. exd5 Nxd5 11. Bh6 Ba6 12. Rd1 Qe7 13. Bxg7 Kxg7 14. Na3 Rfd8
15. Nc4 Rac8 16. a4 Qf6 17. Qe2 Rc7 18. Nfe5 Nxe5 19. Nxe5 h5 20. h4 Ne7 21. f4
Nf5 22. Qf2 Rd6 23. Be4 Qd8 24. a5 b5 25. Rd2 Qc8 26. Rad1 Bb7 27. Bxf5 gxf5
28. Qe2 f6 29. d4 c4 30. Qxh5 fxe5 31. dxe5 Rxd2 32. Rxd2 Bd5 33. g4 Rf7 34. g5
Kg8 35. Qg6+ Rg7 36. Qf6 b4 37. h5 bxc3 38. bxc3 Rb7 39. h6 Qc5+ 40. Rd4 Qa3
41. Qg6+ Kf8 42. Qf6+ Ke8 43. Qg6+ Kf8 44. Qf6+ Kg8 45. Qg6+ Kh8 46. Qf6+ Kh7
47. Rd1 Qxa5 0-1

[Event "16. Torneo Magistral de Elgoibar"]
[Site "Elgoibar ESP"]
[Date "2006.12.15"]
[Round "6.5"]
[White "Korneev, Oleg"]
[Black "Landenbergue, Claude"]
[Result "1-0"]
[WhiteElo "2657"]
[BlackElo "2446"]
[PlyCount "61"]
[EventDate "2006.12.12"]
[EventType "tourn"]
[EventRounds "9"]
[EventCountry "ESP"]
[EventCategory "8"]
[Source "lmi"]
[SourceDate "2006.12.11"]

1. e4 c5 2. Nf3 Nc6 3. d4 cxd4 4. Nxd4 Qb6 5. Nb3 Nf6 6. Nc3 e6 7. Bd3 a6 8.
Be3 Qc7 9. f4 d6 10. Qf3 Be7 11. g4 b5 12. g5 Nd7 13. O-O-O Nb4 14. Kb1 Bb7 15.
Qh3 O-O 16. Rhf1 Nxd3 17. cxd3 b4 18. Ne2 Nc5 19. f5 exf5 20. exf5 Qd7 21. Na5
Bd5 22. Nf4 Bxa2+ 23. Kxa2 Qa4+ 24. Kb1 b3 25. Nc4 Qa2+ 26. Kc1 Bxg5 27. Kd2
Bxf4 28. Rxf4 d5 29. Rg4 dxc4 30. Rxg7+ Kxg7 31. Qh6+ 1-0

[Event "16. Torneo Magistral de Elgoibar"]
[Site "Elgoibar ESP"]
[Date "2006.12.16"]
[Round "7.1"]
[White "Landenbergue, Claude"]
[Black "Prie, Eric"]
[Result "1/2-1/2"]
[WhiteElo "2446"]
[BlackElo "2516"]
[PlyCount "39"]
[EventDate "2006.12.12"]
[EventType "tourn"]
[EventRounds "9"]
[EventCountry "ESP"]
[EventCategory "8"]
[Source "lmi"]
[SourceDate "2006.12.11"]

1. e4 d5 2. exd5 Qxd5 3. Nc3 Qa5 4. d4 Nf6 5. Nf3 c6 6. Bc4 Bf5 7. Bd2 e6 8.
Nd5 Qd8 9. Nxf6+ Qxf6 10. Qe2 Bg4 11. d5 Bxf3 12. gxf3 cxd5 13. Bxd5 Nd7 14.
O-O-O O-O-O 15. Bxb7+ Kxb7 16. Qe4+ Ka6 17. Qa4+ Kb7 18. Qe4+ Ka6 19. Qa4+ Kb7
20. Qe4+ 1/2-1/2

[Event "16. Torneo Magistral de Elgoibar"]
[Site "Elgoibar ESP"]
[Date "2006.12.16"]
[Round "7.2"]
[White "Salgado Lopez, Ivan"]
[Black "Korneev, Oleg"]
[Result "0-1"]
[WhiteElo "2425"]
[BlackElo "2657"]
[PlyCount "106"]
[EventDate "2006.12.12"]
[EventType "tourn"]
[EventRounds "9"]
[EventCountry "ESP"]
[EventCategory "8"]
[Source "lmi"]
[SourceDate "2006.12.11"]

1. e4 c5 2. Nf3 d6 3. b3 Nc6 4. Bb2 e5 5. g3 Nf6 6. d3 g6 7. Bg2 Bg7 8. O-O O-O
9. Nbd2 h6 10. a3 Be6 11. c3 Qd7 12. b4 Bh3 13. Rc1 Bxg2 14. Kxg2 Rae8 15. Re1
Nh5 16. Nc4 f5 17. exf5 Rxf5 18. Ne3 Rf7 19. Ng1 Ref8 20. f3 Nf6 21. Qb3 Kh8
22. bxc5 dxc5 23. Rcd1 b6 24. Bc1 Na5 25. Qc2 Qb7 26. Nf1 Ne8 27. Nd2 Nd6 28.
Ne4 Rd7 29. Qa4 Qc6 30. Nxc5 bxc5 31. Qxa5 Nb7 32. Qxa7 Rdd8 33. Bxh6 Ra8 34.
Bxg7+ Kxg7 35. Qxa8 Rxa8 36. Rxe5 Re8 37. Rxe8 Qxe8 38. d4 c4 39. Kf2 Nd6 40.
g4 Qa4 41. Rc1 Qxa3 42. Ne2 Nb5 43. Ke3 Nc7 44. Rb1 Nd5+ 45. Ke4 Nxc3+ 46. Nxc3
Qxc3 47. Rb7+ Kf8 48. d5 Qe1+ 49. Kd4 c3 50. Rb8+ Ke7 51. Rb7+ Kd8 52. Rb8+ Kc7
53. Rb3 c2 0-1

[Event "16. Torneo Magistral de Elgoibar"]
[Site "Elgoibar ESP"]
[Date "2006.12.16"]
[Round "7.3"]
[White "Gomez Esteban, Mario"]
[Black "Argandoña Riveiro, Iñigo"]
[Result "1-0"]
[WhiteElo "2486"]
[BlackElo "2396"]
[PlyCount "131"]
[EventDate "2006.12.12"]
[EventType "tourn"]
[EventRounds "9"]
[EventCountry "ESP"]
[EventCategory "8"]
[Source "lmi"]
[SourceDate "2006.12.11"]

1. d4 Nf6 2. c4 e6 3. Nc3 Bb4 4. Qc2 O-O 5. a3 Bxc3+ 6. Qxc3 b5 7. cxb5 c6 8.
Qg3 cxb5 9. Bh6 Ne8 10. e4 Nc6 11. Nf3 Ne7 12. Nd2 d5 13. Bd3 dxe4 14. Bxe4 Nf5
15. Qd3 Rb8 16. Bf4 Ned6 17. O-O Rb6 18. Rfd1 Nxe4 19. Nxe4 Bb7 20. Nc5 Ba8 21.
Rac1 Qd5 22. f3 Rc6 23. Be3 a6 24. Bf2 Rfc8 25. h3 Nd6 26. b3 h6 27. Rc3 Rd8
28. Qd2 Nf5 29. Rd3 Rcd6 30. Qa5 Qc6 31. Ne4 Rd5 32. Rc3 Qe8 33. Qxa6 e5 34.
Re1 Nxd4 35. Bxd4 Rxd4 36. Rce3 Bxe4 37. Rxe4 Rxe4 38. Rxe4 f5 39. Re1 e4 40.
fxe4 Qe5 41. Qa5 Re8 42. a4 bxa4 43. Qxe5 Rxe5 44. bxa4 Kf7 45. Ra1 Rxe4 46. a5
Re7 47. a6 Ra7 48. Kf2 Ke6 49. Ke3 g5 50. Kd4 Kd6 51. Ra5 f4 52. Ke4 Ke6 53. h4
Kf6 54. hxg5+ hxg5 55. Kf3 Kg6 56. Kg4 Kh6 57. Ra3 Kg6 58. Ra4 f3 59. gxf3 Rh7
60. Ra5 Ra7 61. Rxg5+ Kf6 62. Ra5 Rg7+ 63. Kf4 Ra7 64. Ke4 Ke6 65. f4 Kd6 66.
f5 1-0

[Event "16. Torneo Magistral de Elgoibar"]
[Site "Elgoibar ESP"]
[Date "2006.12.16"]
[Round "7.4"]
[White "Kononenko, Tatiana"]
[Black "Gonzalez De la Torre, Santiago"]
[Result "1-0"]
[WhiteElo "2375"]
[BlackElo "2357"]
[PlyCount "67"]
[EventDate "2006.12.12"]
[EventType "tourn"]
[EventRounds "9"]
[EventCountry "ESP"]
[EventCategory "8"]
[Source "lmi"]
[SourceDate "2006.12.11"]

1. d4 d5 2. c4 c6 3. Nc3 e6 4. e3 Nf6 5. Nf3 Nbd7 6. Qc2 b6 7. b3 Bb7 8. Be2
Be7 9. O-O O-O 10. Bb2 Qc7 11. Rac1 Rad8 12. Rfd1 Qb8 13. Qb1 h6 14. h3 Rfe8
15. Qa1 Bd6 16. a3 dxc4 17. bxc4 e5 18. Bf1 exd4 19. exd4 Bf8 20. Re1 Qf4 21.
Ne2 Qd6 22. Ng3 g6 23. Ne5 Bg7 24. c5 bxc5 25. Bc4 Nd5 26. Ne4 Qb8 27. Nxd7
Rxd7 28. dxc5 Re5 29. Nd6 Rxe1+ 30. Rxe1 Bxb2 31. Qxb2 Ne7 32. Ba6 Kh7 33. Bxb7
Nf5 34. Re8 1-0

[Event "16. Torneo Magistral de Elgoibar"]
[Site "Elgoibar ESP"]
[Date "2006.12.16"]
[Round "7.5"]
[White "Mirzoev, Azer"]
[Black "Perez Candelario, Manuel"]
[Result "1/2-1/2"]
[WhiteElo "2543"]
[BlackElo "2496"]
[PlyCount "26"]
[EventDate "2006.12.12"]
[EventType "tourn"]
[EventRounds "9"]
[EventCountry "ESP"]
[EventCategory "8"]
[Source "lmi"]
[SourceDate "2006.12.11"]

1. Nf3 Nf6 2. d4 d5 3. Bf4 c6 4. c3 Bf5 5. e3 e6 6. Nbd2 h6 7. h3 Nbd7 8. Ne5
Be7 9. Be2 O-O 10. O-O Qb6 11. Qb3 Nxe5 12. Bxe5 Ne4 13. Nxe4 Bxe4 1/2-1/2

[Event "16. Torneo Magistral de Elgoibar"]
[Site "Elgoibar ESP"]
[Date "2006.12.16"]
[Round "8.1"]
[White "Prie, Eric"]
[Black "Perez Candelario, Manuel"]
[Result "1/2-1/2"]
[WhiteElo "2516"]
[BlackElo "2496"]
[PlyCount "49"]
[EventDate "2006.12.12"]
[EventType "tourn"]
[EventRounds "9"]
[EventCountry "ESP"]
[EventCategory "8"]
[Source "lmi"]
[SourceDate "2006.12.11"]

1. d4 d5 2. Bf4 Nf6 3. e3 c5 4. c3 Nc6 5. Qb3 c4 6. Qc2 g6 7. b3 Bf5 8. Qb2 Qb6
9. Be2 Bg7 10. Nf3 O-O 11. h3 Nd7 12. Nbd2 Rac8 13. O-O e5 14. dxe5 cxb3 15.
axb3 Ncxe5 16. Bxe5 Nxe5 17. Nd4 Bd3 18. Nb1 a6 19. Rd1 Be4 20. Nd2 Nd3 21.
Bxd3 Bxd3 22. Nf1 Bb5 23. Ng3 Rfd8 24. Nge2 Bd7 25. Rd3 1/2-1/2

[Event "16. Torneo Magistral de Elgoibar"]
[Site "Elgoibar ESP"]
[Date "2006.12.16"]
[Round "8.2"]
[White "Gonzalez De la Torre, Santiago"]
[Black "Mirzoev, Azer"]
[Result "0-1"]
[WhiteElo "2357"]
[BlackElo "2543"]
[PlyCount "128"]
[EventDate "2006.12.12"]
[EventType "tourn"]
[EventRounds "9"]
[EventCountry "ESP"]
[EventCategory "8"]
[Source "lmi"]
[SourceDate "2006.12.11"]

1. e4 Nf6 2. e5 Nd5 3. d4 d6 4. Nf3 dxe5 5. Nxe5 c6 6. Bd3 Nd7 7. O-O Nxe5 8.
dxe5 Nb4 9. Be4 Qxd1 10. Rxd1 f5 11. a3 Na6 12. Bf3 g6 13. b4 Nc7 14. Bb2 Be6
15. Nc3 Bg7 16. b5 Nxb5 17. Nxb5 cxb5 18. Bxb7 Rb8 19. Bc6+ Kf7 20. Bd4 a6 21.
c3 Rhd8 22. f4 Bh6 23. g3 g5 24. fxg5 Bxg5 25. Rf1 Kg6 26. Bf3 h5 27. Kg2 Rbc8
28. Rf2 Bd5 29. Rb2 Bxf3+ 30. Kxf3 Rc4 31. Rb4 Rdc8 32. Ke2 e6 33. Rxc4 Rxc4
34. Kd3 Be7 35. Be3 Ra4 36. Bc1 Kf7 37. Ra2 Ke8 38. Kc2 Re4 39. Kb3 Rxe5 40. a4
Kd7 41. axb5 Rxb5+ 42. Kc4 Rc5+ 43. Kd3 Rd5+ 44. Kc4 a5 45. Kb3 Rb5+ 46. Kc4
Kc6 47. Be3 Bd6 48. Bd4 Bc7 49. Re2 e5 50. Be3 Bb6 51. Bg5 Rc5+ 52. Kb3 Rd5 53.
Kc4 e4 54. Be7 Rd3 55. Bf6 Rf3 56. Bd4 Bxd4 57. cxd4 a4 58. Rb2 a3 59. d5+ Kc7
60. Rb5 a2 61. Ra5 Rf2 62. Kd4 Rxh2 63. Ke5 Rd2 64. d6+ Kb6 0-1

[Event "16. Torneo Magistral de Elgoibar"]
[Site "Elgoibar ESP"]
[Date "2006.12.16"]
[Round "8.4"]
[White "Argandoña Riveiro, Iñigo"]
[Black "Kononenko, Tatiana"]
[Result "1/2-1/2"]
[WhiteElo "2396"]
[BlackElo "2375"]
[PlyCount "48"]
[EventDate "2006.12.12"]
[EventType "tourn"]
[EventRounds "9"]
[EventCountry "ESP"]
[EventCategory "8"]
[Source "lmi"]
[SourceDate "2006.12.11"]

1. Nf3 d5 2. c4 d4 3. b4 g6 4. Bb2 Bg7 5. d3 e5 6. Nbd2 Ne7 7. g3 O-O 8. Bg2 a5
9. a3 c5 10. b5 Nd7 11. Qc2 Ra7 12. O-O b6 13. Rfe1 Bb7 14. e3 h6 15. exd4 exd4
16. Nh4 Bxg2 17. Nxg2 g5 18. f4 g4 19. Qd1 f5 20. Qe2 Ng6 21. Nf1 Kh7 22. Red1
Re8 23. Qf2 Nf6 24. Re1 Rae7 1/2-1/2

[Event "16. Torneo Magistral de Elgoibar"]
[Site "Elgoibar ESP"]
[Date "2006.12.16"]
[Round "8.4"]
[White "Korneev, Oleg"]
[Black "Gomez Esteban, Mario"]
[Result "1-0"]
[WhiteElo "2657"]
[BlackElo "2486"]
[PlyCount "81"]
[EventDate "2006.12.12"]
[EventType "tourn"]
[EventRounds "9"]
[EventCountry "ESP"]
[EventCategory "8"]
[Source "lmi"]
[SourceDate "2006.12.11"]

1. e4 c6 2. d4 d5 3. e5 Bf5 4. Nc3 e6 5. g4 Bg6 6. Nge2 c5 7. h4 h5 8. Nf4 Bh7
9. g5 Bf5 10. Nxh5 cxd4 11. Nb5 d3 12. c3 Nc6 13. Ng3 Qa5 14. Nxf5 Qxb5 15.
Bxd3 Qa5 16. Nd6+ Bxd6 17. exd6 d4 18. Bf4 O-O-O 19. Bg3 dxc3 20. O-O cxb2 21.
Rb1 Qc3 22. Re1 e5 23. Bf5+ Kb8 24. Re2 Nge7 25. Be4 Qc4 26. Bd3 Qc3 27. Be4 f5
28. gxf6 gxf6 29. Rexb2 Rd7 30. Qa4 Rxd6 31. Rxb7+ Kc8 32. Qa6 Kd8 33. Rb8+
Nxb8 34. Qxd6+ Nd7 35. Rb7 Qc8 36. Rxa7 f5 37. Bd5 Nxd5 38. Qxd5 f4 39. Ra8
fxg3 40. Qb7 gxf2+ 41. Kf1 1-0

[Event "16. Torneo Magistral de Elgoibar"]
[Site "Elgoibar ESP"]
[Date "2006.12.16"]
[Round "8.5"]
[White "Landenbergue, Claude"]
[Black "Salgado Lopez, Ivan"]
[Result "1/2-1/2"]
[WhiteElo "2446"]
[BlackElo "2425"]
[PlyCount "172"]
[EventDate "2006.12.12"]
[EventType "tourn"]
[EventRounds "9"]
[EventCountry "ESP"]
[EventCategory "8"]
[Source "lmi"]
[SourceDate "2006.12.11"]

1. e4 c5 2. Nf3 d6 3. d4 cxd4 4. Nxd4 Nf6 5. Nc3 a6 6. Be3 e5 7. Nb3 Be6 8. f4
exf4 9. Bxf4 Nc6 10. Qd2 Be7 11. O-O-O Ne5 12. h3 Rc8 13. Kb1 b5 14. Nd4 O-O
15. a3 Qc7 16. g4 Qb7 17. g5 Nh5 18. Bh2 Rfd8 19. h4 Nc4 20. Bxc4 Rxc4 21. Nxe6
fxe6 22. Qd3 g6 23. Rhf1 Rcc8 24. Ne2 Ng7 25. Nf4 Rc4 26. Rde1 Qc6 27. h5 gxh5
28. g6 h6 29. Nd5 exd5 30. exd5 Qb7 31. Rf7 Rc7 32. Qf3 Bf8 33. Rf1 Qc8 34. Qf4
Rxf7 35. gxf7+ Kh7 36. Qe4+ Nf5 37. Rxf5 Qc4 38. Qe3 Qg4 39. Qd3 Qc4 40. Qf3
Qg4 41. Qd3 Qc4 42. Qd2 Qg4 43. Rf6 Qe4 44. Bf4 Qf3 45. Re6 Rd7 46. Bxh6 Qxf7
47. Bxf8 Qxf8 48. Qd3+ Kg8 49. Qe4 Qf1+ 50. Ka2 Qc4+ 51. Qxc4 bxc4 52. Rh6 Kg7
53. Rxh5 Rc7 54. b4 cxb3+ 55. Kxb3 Kf6 56. c4 Rg7 57. Kb4 Rg1 58. Ka5 Ra1 59.
Rh3 Rc1 60. Rh4 Ra1 61. Re4 Kf5 62. Re6 Rc1 63. Rxd6 Rxc4 64. Rxa6 Ke5 65. d6
Ke6 66. Kb5 Rc1 67. a4 Kd7 68. Rb6 Rb1+ 69. Ka6 Ra1 70. a5 Ra2 71. Rb1 Kxd6 72.
Kb6 Kd7 73. a6 Kc8 74. Ka7 Kc7 75. Rc1+ Kd7 76. Rc5 Kd6 77. Rh5 Kc7 78. Rh6 Ra1
79. Rh2 Kc6 80. Rc2+ Kd7 81. Kb7 Rb1+ 82. Ka8 Ra1 83. a7 Rb1 84. Rh2 Kc7 85.
Rh7+ Kc8 86. Rc7+ Kxc7 1/2-1/2

[Event "16. Torneo Magistral de Elgoibar"]
[Site "Elgoibar ESP"]
[Date "2006.12.17"]
[Round "9.1"]
[White "Salgado Lopez, Ivan"]
[Black "Prie, Eric"]
[Result "1/2-1/2"]
[WhiteElo "2425"]
[BlackElo "2516"]
[PlyCount "83"]
[EventDate "2006.12.12"]
[EventType "tourn"]
[EventRounds "9"]
[EventCountry "ESP"]
[EventCategory "8"]
[Source "lmi"]
[SourceDate "2006.12.11"]

1. e4 d5 2. exd5 Qxd5 3. Nc3 Qa5 4. d4 Nf6 5. Nf3 c6 6. Bc4 Bf5 7. Bd2 e6 8.
Nd5 Qd8 9. Nxf6+ Qxf6 10. Qe2 Bg4 11. O-O-O Be7 12. h4 Qf5 13. h5 Nd7 14. h6 g6
15. Kb1 O-O-O 16. Bd3 Qd5 17. c4 Bxf3 18. gxf3 Qxd4 19. Bc3 Qb6 20. Bxh8 Rxh8
21. Bxg6 hxg6 22. Rxd7 Kxd7 23. Qe5 Rh7 24. Rd1+ Ke8 25. Qg7 Bf6 26. Qxf6 Rxh6
27. Qf4 Rh5 28. Qd6 a5 29. Qb8+ Ke7 30. Rd3 Kf6 31. a3 Kg7 32. Rd8 Qb3 33. Rg8+
Kf6 34. Qf4+ Rf5 35. Qh4+ g5 36. Qh8+ Ke7 37. Re8+ Kd7 38. Rd8+ Ke7 39. Qf8+
Kf6 40. Qh8+ Ke7 41. Qf8+ Kf6 42. Qh8+ 1/2-1/2

[Event "16. Torneo Magistral de Elgoibar"]
[Site "Elgoibar ESP"]
[Date "2006.12.17"]
[Round "9.2"]
[White "Gomez Esteban, Mario"]
[Black "Landenbergue, Claude"]
[Result "1-0"]
[WhiteElo "2486"]
[BlackElo "2446"]
[PlyCount "123"]
[EventDate "2006.12.12"]
[EventType "tourn"]
[EventRounds "9"]
[EventCountry "ESP"]
[EventCategory "8"]
[Source "lmi"]
[SourceDate "2006.12.11"]

1. d4 Nf6 2. c4 e6 3. Nc3 Bb4 4. Qc2 d5 5. a3 Bxc3+ 6. Qxc3 Ne4 7. Qc2 c5 8.
dxc5 Nc6 9. Nf3 Qa5+ 10. Bd2 Nxd2 11. Qxd2 dxc4 12. e3 Qxc5 13. Qc3 O-O 14.
Qxc4 Qxc4 15. Bxc4 Bd7 16. O-O Rfd8 17. Rfc1 Rac8 18. Ba2 h6 19. Kf1 Kf8 20.
Ke1 Ke7 21. Rc3 Nb8 22. Rac1 Rxc3 23. Rxc3 Rc8 24. Rxc8 Bxc8 25. Nd4 Bd7 26. f4
Nc6 27. Nf3 f6 28. Kd2 Kd6 29. Kc3 e5 30. Nd2 b6 31. b4 Be6 32. Bxe6 Kxe6 33.
Kc4 exf4 34. exf4 g5 35. Kb5 Nd4+ 36. Ka6 gxf4 37. a4 Kd5 38. Kxa7 b5 39. axb5
Nxb5+ 40. Kb6 Nc3 41. Nf3 Ke4 42. Kc5 Ke3 43. Kc4 Na4 44. Nh4 Kf2 45. Kd4 Kg1
46. Ke4 Kxh2 47. Kxf4 h5 48. Kf3 Nc3 49. Nf5 Nb5 50. Kf2 Nc3 51. Ng3 h4 52.
Nf1+ Kh1 53. Nd2 f5 54. Nf3 Ne4+ 55. Ke3 Kxg2 56. Nxh4+ Kf1 57. Nxf5 Nc3 58.
Kd4 Nb5+ 59. Kc5 Na3 60. Ne3+ Ke2 61. Nc4 Nc2 62. b5 1-0

[Event "16. Torneo Magistral de Elgoibar"]
[Site "Elgoibar ESP"]
[Date "2006.12.17"]
[Round "9.3"]
[White "Korneev, Oleg"]
[Black "Kononenko, Tatiana"]
[Result "1/2-1/2"]
[WhiteElo "2657"]
[BlackElo "2375"]
[PlyCount "81"]
[EventDate "2006.12.12"]
[EventType "tourn"]
[EventRounds "9"]
[EventCountry "ESP"]
[EventCategory "8"]
[Source "lmi"]
[SourceDate "2006.12.11"]

1. e4 c6 2. d4 d5 3. Nc3 dxe4 4. Nxe4 Bf5 5. Ng3 Bg6 6. h4 h6 7. Nf3 Nd7 8. h5
Bh7 9. Bd3 Bxd3 10. Qxd3 e6 11. Bf4 Qa5+ 12. Bd2 Qc7 13. O-O-O Ngf6 14. Ne4
O-O-O 15. g3 Nxe4 16. Qxe4 Bd6 17. c4 Nf6 18. Qc2 c5 19. d5 exd5 20. cxd5 Rhe8
21. Bc3 Qd7 22. Bxf6 gxf6 23. Nh4 Re5 24. f4 Rxh5 25. Qe2 Rxd5 26. Rxd5 Bxf4+
27. gxf4 Qxd5 28. Rd1 Qxa2 29. Rxd8+ Kxd8 30. Nf5 Qe6 31. Qd3+ Kc7 32. Nxh6
Qe1+ 33. Kc2 Qh4 34. Nxf7 Qxf4 35. Qd8+ Kc6 36. Qe8+ Kb6 37. Qe6+ Kc7 38. b3
Qf2+ 39. Kd3 Qf1+ 40. Kc2 Qf2+ 41. Kd3 1/2-1/2

[Event "16. Torneo Magistral de Elgoibar"]
[Site "Elgoibar ESP"]
[Date "2006.12.17"]
[Round "9.4"]
[White "Mirzoev, Azer"]
[Black "Argandoña Riveiro, Iñigo"]
[Result "1/2-1/2"]
[WhiteElo "2543"]
[BlackElo "2396"]
[PlyCount "29"]
[EventDate "2006.12.12"]
[EventType "tourn"]
[EventRounds "9"]
[EventCountry "ESP"]
[EventCategory "8"]
[Source "lmi"]
[SourceDate "2006.12.11"]

1. d4 d5 2. Nf3 Nf6 3. c4 c6 4. e3 a6 5. Nbd2 Bg4 6. Be2 e6 7. O-O Nbd7 8. b3
Bd6 9. Bb2 Qb8 10. h3 h5 11. Ng5 b5 12. cxd5 cxd5 13. a4 b4 14. Rc1 Bxe2 15.
Qxe2 1/2-1/2

[Event "16. Torneo Magistral de Elgoibar"]
[Site "Elgoibar ESP"]
[Date "2006.12.17"]
[Round "9.5"]
[White "Perez Candelario, Manuel"]
[Black "Gonzalez De la Torre, Santiago"]
[Result "1-0"]
[WhiteElo "2496"]
[BlackElo "2357"]
[PlyCount "79"]
[EventDate "2006.12.12"]
[EventType "tourn"]
[EventRounds "9"]
[EventCountry "ESP"]
[EventCategory "8"]
[Source "lmi"]
[SourceDate "2006.12.11"]

1. e4 c5 2. Nf3 Nc6 3. d4 cxd4 4. Nxd4 g6 5. c4 Nf6 6. Nc3 d6 7. Nc2 Bg7 8. Be2
O-O 9. O-O Nd7 10. Re1 Nc5 11. Bf1 Bxc3 12. bxc3 Qa5 13. Bh6 Rd8 14. Qd2 f6 15.
Nb4 Be6 16. Nd5 Rac8 17. f4 Rd7 18. Rac1 Nd8 19. f5 Bxd5 20. exd5 Nf7 21. fxg6
hxg6 22. Be3 Kg7 23. Bd4 Ne5 24. Re3 Rh8 25. Rce1 Rdd8 26. Rg3 b6 27. Bxe5 dxe5
28. Rxe5 Kf7 29. Qf2 Nd7 30. Re6 Qc5 31. Rge3 Rde8 32. Bd3 Nf8 33. Rc6 Qa3 34.
d6 Nd7 35. Qc2 Rh6 36. c5 Ne5 37. Rc7 bxc5 38. Bb5 Rhh8 39. Bxe8+ Rxe8 40. Qb3+
1-0